00498nam a2200193 a 4500001001300000003000900013005001700022008004100039020001000080082001600090100002100106245002900127260004100156300000900197500003500206505002400241650001800265700002100283nice12345678IN_TiNIC20260116011852.0050524s1970 newa grp 000 0 eng  ac10000a270.82bMAC aMackie, Steven G aCan Churches Be Compared aNew YorkbWcc Friendship Pressc1970 a101p aincludes index and biblioraphy2 aBibliography, Index aEcumenicalism1 aMackie, Steven G